Statistics for Destiny the Game Quiz #18 Numbers!

Click here to take the quiz!

General Stats

  • This quiz has been taken 547 times
  • The average score is 16 of 28

Answer Stats

HintAnswer% Correct
Number of bullets fired per pulse from a Hakke Pulse Rifle4
98%
Mk... Stand Asides44
85%
Number of yellow circles needed on a Trials Passage in order to reach the lighthouse9
81%
Khvostov ...G-0X7
78%
Helm of Saint-...14
78%
The ...th Horseman4
74%
...th Sense7
73%
"Xur Agent of the ..."9
73%
Number of NPCs that you can interact with in the Tower excluding Xur18
72%
... -Yard Stare1000
72%
Matador...64
70%
Fewest wins required to reach the lighthouse7
69%
Cayde-...6
69%
Party Crasher +...1
68%
Fr0st-EE...5
65%
LDR ...5001
65%
ATS/... Arachnid8
63%
ACD/... Feedback Fence0
57%
... Wizard77
55%
Hung Jury SR...4
55%
Last Ditch ...001
42%
Y-... Longbow Synthesis09
37%
B-... Party Favor29
32%
Steel Oracle Z-...11
21%
Vanguard Quartermaster "Roni-..."55-30
15%
Tower Bounty Tracker "Xander..."99-40
11%
Reef Postmaster "Sentha-..."55-30
9%
Tower Postmaster "Kadi..."55-30
6%

Score Distribution

Percentile by Number Answered

Percent of People with Each Score

Your Score History

You have not taken this quiz